| 000 | 00511nam a22001457a 4500 | ||
|---|---|---|---|
| 008 | 120110t xxu||||| |||| 00| 0 eng d | ||
| 022 | _a136371669 | ||
| 082 | _a341.4805/COM | ||
| 245 | _aCommonwealth Human Rights Law Digest.-2CHRLD166-325, Issue2, Nov1999 | ||
| 300 | _axix,325p. | ||
| 600 |
_aPool Marie _cCommonwealth Human rights Law Digest _96294 |
||
| 700 |
_aPool Marie _96295 |
||
| 942 |
_2ddc _cPER |
||
| 999 |
_c4977 _d4977 |
||